Evropský měnový institut - zárodek budoucí Evropské centrální banky
Európsky menový inštitút (EMI) bol založený 1.1.1994 vo Frankfurte nad Mohanom. Jeho členmi sú centrálne banky krajín EÚ. Základné ciele EMI: príprava zavedenia budúcej jednotnej menovej politiky, koordinácia menových politík, dohľad nad Európskym menovým systémom a na vývoj ECU, konzultatívna a por...
Salvato in:
| Autore principale: | |
|---|---|
| Natura: | Capitolo di libro |
| Lingua: | ceco |
| Soggetti: | |
| Tags: |
Nessun Tag, puoi essere il primo ad aggiungerne!!
|
MARC
| LEADER | 00000naa a2200000 4500 | ||
|---|---|---|---|
| 001 | r024429 | ||
| 005 | 20221213081735.5 | ||
| 041 | 0 | |a cze | |
| 044 | |a CZ | ||
| 245 | 1 | 0 | |a Evropský měnový institut - zárodek budoucí Evropské centrální banky |c H. Němcová |
| 520 | |a Európsky menový inštitút (EMI) bol založený 1.1.1994 vo Frankfurte nad Mohanom. Jeho členmi sú centrálne banky krajín EÚ. Základné ciele EMI: príprava zavedenia budúcej jednotnej menovej politiky, koordinácia menových politík, dohľad nad Európskym menovým systémom a na vývoj ECU, konzultatívna a poradenská činnosť. Organizačná štruktúra EMI. | ||
| 610 | 2 | 0 | |a únie menové |
| 610 | 2 | 0 | |a Európska únia |
| 610 | 2 | 0 | |a Európsky menový inštitút |
| 610 | 2 | 0 | |a Európska menová únia |
| 610 | 2 | 0 | |a Európsky menový systém |
| 610 | 2 | 0 | |a systém menový medzinárodný |
| 610 | 2 | 0 | |a politika menová |
| 610 | 2 | 0 | |a štruktúra organizačná |
| 610 | 2 | 0 | |a poradenstvo |
| 610 | 2 | 0 | |a banky emisné |
| 610 | 2 | 0 | |a ECU |
| 100 | 1 | |a Němcová, H. | |